- Reyes Garmendia, Ernesto Soto
Entry Nombre Personal
001 - NUMERO DE CONTROL
- campo de control: 45830
003 - IDENTIFICADOR DE NUMERO DE CONTROL
- campo de control: DLC
005 - FECHA Y HORA DE LA ÜLTIMA TRANSACCIÓN
- campo de control: 20220817092524.0
008 - DATOS DE LONGITUD FIJA
- campo de control de longitud fija: 220817n| azannaabn |a aaa c
010 ## - NÚMERO DE CONTROL DE LA BIBLIOTECA DEL CONGRESO
- Número de control LC: no2014132474
035 ## - NUMERO DE CONTROL
- Número de control: (OCoLC)oca09981415
040 ## - FUENTE DE CATALOGACIÓN
- Agencia original de catalogación: NjP
- Lenguaje de catalogación: spa
- Description conventions: rda
- Agencia de transcripción: NjP
- Agencia que lo modifica: MXMxUNAM
- Agencia que lo modifica: MX-MxUPN
100 1# - ENCABEZAMIENTO - NOMBRE PERSONAL
- Nombre personal: Reyes Garmendia, Ernesto Soto
372 ## - CAMPO DE ACTIVIDAD
- Fuente del término: lemb
- Field of activity: Economía
- Field of activity: Administrador
373 ## - GRUPO ASOCIADO
- Fuente del término: naf
- Associated group: Universidad Autónoma Metropolitana. Unidad Xochimilco
374 ## - OCUPACIÓN
- Fuente del término: lemb
- Occupation: Profesor universitario
374 ## - OCUPACIÓN
- Occupation: Economista
375 ## - GÉNERO
- Gender: masculino
400 1# - VEÁSE - NOMBRE DE PERSONA
- Personal name: Garmendia, Ernesto Soto Reyes
400 1# - VEÁSE - NOMBRE DE PERSONA
- Personal name: Soto Reyes Garmendia, Ernesto
670 ## - FUENTE EN LA QUE SE LOCALIZARON DATOS
- Cita de la fuente: República, federalismo e identidad nacional, 2011:
- Información localizada: portada (Ernesto Soto Reyes Garmendia)
670 ## - FUENTE EN LA QUE SE LOCALIZARON DATOS
- Cita de la fuente: Universidad Autónoma Metropolitana, Unidad Xochimilco, sitio web, 4 agosto 2021:
- Información localizada: (El Dr. Ernesto Soto Reyes Garmendia es Doctor en Economía por la Universidad Pierre Mendes France de Grenoble (1994), Maestro en Economía por la Facultad de Economía de la UNAM (1986) y Licenciado en Administración por la UNAM (1972). Desde 1983 es profesor titular C de tiempo completo de la UAM-X, en el Departamento de Política y Cultura)
902 ## - CATALOGADOR
- Catalogador: NDAF/170822
